000 00934nam a22002537a 4500
999 _c65746
_d65746
005 20240530110841.0
008 200909s2018 ua g 000 0 ara d
017 _a2017/22444
_bمصر. دار الكتب
020 _a9789779114903
040 _aEG-CaGPL
_cEG-CaGPL
082 0 4 _221
_a956.902\
_bم ث
100 0 _aمحمد على حله
245 0 2 _aالثورة الفلسطينية الكبرى 1936 - 1939 م /
_cمحمد على حله
250 _aط.1
260 _aالقاهرة :
_bالهيئة المصرية العامة للكتاب،
_c2018.
300 _a476 ص. ؛
_c24 سم.
490 0 _aتاريخ المصريين ؛
_v305
504 _aببليوجرافية ص 441 - 469
651 0 7 _2qrmak
_aفلسطين
_xتاريخ
_yالعصر الحديث
651 0 7 _aالصهيونية
651 0 7 _aالقضية الفلسطينية
942 _2ddc
_cBK